000 00333nam a2200133Ia 4500
003 OSt
005 20240216115622.0
008 170524s9999 xx 000 0 und d
020 _a9788120303973
040 _cIIMT UNIVERSITY MEERUT
100 _aMURDICK ROBERT G
245 0 _aINFORMATION SYSTEM IN MODERN MANAGEMENT
942 _2ddc
_c02
999 _c4563
_d4563